[Event "XVII Profigaia Open 2017"]
[Site "Gaia"]
[Date "2017.06.14"]
[Round "1"]
[White "Sousa, Hugo Carneiro"]
[Black "Filipe, Guilherme Castro"]
[Result "1-0"]
[WhiteElo "1877"]
[BlackElo "1145"]
[Annotator "NA RC"]
[PlyCount "73"]
[EventDate "2017.??.??"]
[EventType "swiss"]
[EventCountry "POR"]
[SourceTitle "playchess.com"]
[Source "ChessBase"]
[SourceQuality "1"]
[TimeControl "5400+30"]

1. e4 {[%emt 0:00:00]} e5 {[%emt 0:00:08]} 2. Nf3 {[%emt 0:00:00]} Nc6 {[%emt 0:00:20]} 3. Bc4 {[%emt 0:00:00]} Bc5 {[%emt 0:00:09]} 4. c3 {[%emt 0:00:00]} Nf6 {[%emt 0:00:24]} 5. d3 {[%emt 0:00:00]} d6 {[%emt 0:01:01]} 6. Bb3 {[%emt 0:00:05]} O-O {[%emt 0:00:44]} 7. h3 {[%emt 0:00:14]} Be6 {[%emt 0:00:15]} 8. Bc2 {[%emt 0:00:11]} d5 {[%emt 0:01:57]} 9. Qe2 {[%emt 0:00:20]} Qd6 {[%emt 0:01:22]} 10. Nbd2 {[%emt 0:01:31]} d4 {[%emt 0:01:02]} 11. O-O {[%emt 0:03:08]} Rad8 {[%emt 0:00:51]} 12. Rd1 {[%emt 0:00:50]} Rfe8 {[%emt 0:01:29]} 13. Nf1 {[%emt 0:00:32]} h6 {[%emt 0:00:34]} 14. Ng3 {[%emt 0:00:27]} Rd7 {[%emt 0:00:44]} 15. Nh4 {[%emt 0:02:19]} Ne7 {[%emt 0:01:44]} 16. Qf3 {[%emt 0:02:21]} Red8 {[%emt 0:07:32]} 17. Bxh6 {[%emt 0:03:44]} gxh6 {[%emt 0:00:16]} 18. Qxf6 {[%emt 0:00:16]} Kh7 {[%emt 0:01:11]} 19. Nh5 {[%emt 0:01:53]} Rg8 20. Qf3 Ng6 {[%emt 0:02:10]} 21. Nf6+ {[%emt 0:01:31]} Kh8 {[%emt 0:00:24]} 22. Nxg8 {[%emt 0:01:48]} Kxg8 {[%emt 0:00:08]} 23. Qg3 {[%emt 0:01:52]} Kh7 {[%emt 0:00:22]} 24. Nxg6 {[%emt 0:00:56]} fxg6 {[%emt 0:00:22]} 25. Bb3 {[%emt 0:00:19]} Bxb3 {[%emt 0:00:29]} 26. axb3 {[%emt 0:00:07]} dxc3 {[%emt 0:00:37]} 27. bxc3 {[%emt 0:00:09]} Qf6 {[%emt 0:00:41]} 28. Qf3 {[%emt 0:03:20]} Qe6 {[%emt 0:00:07]} 29. Qg4 {[%emt 0:00:34]} Qxb3 {[%emt 0:00:12]} 30. Qxd7+ {[%emt 0:00:11]} Kg8 31. Qd5+ {[%emt 0:00:15]} Qxd5 {[%emt 0:00:45]} 32. exd5 {[%emt 0:00:06]} Kf7 {[%emt 0:00:23]} 33. Rdb1 b6 {[%emt 0:00:20]} 34. Rxa7 {[%emt 0:00:30]} Ke8 {[%emt 0:00:30]} 35. Rxc7 {[%emt 0:00:09]} Kd8 {[%emt 0:00:31]} 36. Rh7 {[%emt 0:00:10]} Bf8 {[%emt 0:00:30]} 37. Ra1 {[%emt 0:00:06]} 1-0

[Event "XVII Profigaia Open 2017"]
[Site "Gaia"]
[Date "2017.06.14"]
[Round "1"]
[White "Jesus, Joao Pedro Mendes D"]
[Black "Oliveira, Maria Elisa Ramos M"]
[Result "1-0"]
[WhiteElo "1868"]
[BlackElo "1137"]
[Annotator "NA RC"]
[PlyCount "71"]
[EventDate "2017.??.??"]
[EventType "swiss"]
[EventCountry "POR"]
[SourceTitle "playchess.com"]
[Source "ChessBase"]
[SourceQuality "1"]
[TimeControl "5400+30"]

{[%evp 26,71,122,131,152,155,152,156,158,32767,32767,32767,157,149,161,155,166,160,191,198,235,232,382,408,377,425,450,472,610,518,518,528,720,582,705,706,809,870,938,1154,1138,1513,5485,29985,29983,29984,29987,29988]} 1. e4 {[%emt 0:01:09]} e5 {[%emt 0:00:06]} 2. Nf3 {[%emt 0:09:49]} Nc6 {[%emt 0:00:09]} 3. Bb5 {[%emt 0:00:04]} a6 {[%emt 0:00:17]} 4. Ba4 {[%emt 0:00:09]} Nf6 {[%emt 0:00:10]} 5. O-O {[%emt 0:00:06]} b5 {[%emt 0:01:32]} 6. Bb3 {[%emt 0:00:33]} d6 {[%emt 0:00:08]} 7. Ng5 {[%emt 0:02:12] C78: Ruy Lopez: Archangelsk and Möller Defences} (7. d3 Be7 8. a3 O-O 9. Nc3 Na5 10. Ba2 Be6 11. Bd2 Bxa2 12. Rxa2 Nc6 13. a4 Rb8 14. Nd5 b4 15. Nxe7+ Nxe7 16. Bg5 Ng6 17. Nh4 {½-½ (41) Swiercz,D (2608)-Efimenko,Z (2648) Lublin 2014}) 7... Be6 {[%emt 0:04:31]} 8. Bxe6 {[%emt 0:03:24]} fxe6 {[%emt 0:00:09]} 9. Nxe6 {[%emt 0:00:11]} Qe7 {[%emt 0:01:39]} 10. Nxf8 {[%emt 0:00:11]} Qxf8 {[%emt 0:00:23]} 11. d3 {[%emt 0:00:09]} Qf7 {[%emt 0:00:37]} 12. Nc3 {[%emt 0:01:07]} O-O {[%emt 0:02:28]} 13. h3 $146 {[%emt 0:01:26]} ({Predecessor:} 13. f4 exf4 14. Bxf4 Rae8 {1-0 (26) Lopez Gracia,F (2354)-Anton Caturla,A Zaragoza 2004}) 13... Ne7 {[%emt 0:07:51]} 14. f4 {[%emt 0:01:36]} Qh5 {[%emt 0:12:58]} 15. Qxh5 {[%emt 0:05:22]} Nxh5 {[%emt 0:00:20]} 16. fxe5 {[%emt 0:00:23]} Rxf1+ {[%emt 0:00:13]} 17. Kxf1 {[%emt 0:00:05]} dxe5 {[%emt 0:00:24]} 18. Bg5 {[%emt 0:02:23]} Rf8+ {[%emt 0:01:10]} 19. Kg1 {[%emt 0:00:40]} Ng6 {[%emt 0:00:14]} 20. Nd5 {[%emt 0:03:21]} h6 {[%emt 0:05:42]} 21. Bd2 {[%emt 0:04:45]} Rf7 {[%emt 0:01:07]} 22. a4 {[%emt 0:01:16]} c6 {[%emt 0:00:46]} 23. Nb4 {[%emt 0:00:47]} a5 {[%emt 0:01:37]} (23... Rf6 $142 24. Nxa6 bxa4) 24. Nxc6 {[%emt 0:02:25]} bxa4 {[%emt 0:00:31]} 25. Rxa4 {[%emt 0:00:14]} Rc7 {[%emt 0:00:09]} 26. Rc4 {[%emt 0:00:13]} Ng3 {[%emt 0:00:30]} 27. Kf2 {[%emt 0:00:40]} Nh1+ {[%emt 0:00:33]} 28. Ke3 {[%emt 0:00:18]} Nf4 {[%emt 0:00:57]} 29. Kf3 {[%emt 0:01:20]} Ne6 {[%emt 0:00:35]} 30. Nxe5 {[%emt 0:00:21]} Rxc4 {[%emt 0:00:25]} 31. dxc4 {[%emt 0:00:42]} Nd4+ {[%emt 0:00:12]} 32. Ke3 {[%emt 0:00:21]} Nxc2+ {[%emt 0:00:10]} 33. Kd3 {[%emt 0:00:09]} Nb4+ {[%emt 0:00:39]} 34. Bxb4 {[%emt 0:00:05]} axb4 {[%emt 0:00:03]} 35. c5 {[%emt 0:00:26]} Nf2+ {[%emt 0:00:12]} 36. Kd4 {[%emt 0:00:23]} 1-0

[Event "XVII Profigaia Open 2017"]
[Site "Gaia"]
[Date "2017.06.14"]
[Round "1"]
[White "Silva, Ana Ines Teixeira D"]
[Black "Soares, Paulo Henrique Dos "]
[Result "1-0"]
[WhiteElo "1775"]
[BlackElo "1908"]
[Annotator "NA"]
[PlyCount "45"]
[EventDate "2017.??.??"]
[EventType "swiss"]
[EventCountry "POR"]
[SourceTitle "playchess.com"]
[Source "ChessBase"]
[SourceQuality "1"]
[TimeControl "5400+30"]

1. e4 {[%emt 0:00:00]} e5 {[%emt 0:00:02]} 2. Nf3 {[%emt 0:00:00]} Nc6 {[%emt 0:00:09]} 3. d4 {[%emt 0:00:00]} d6 {[%emt 0:00:11]} 4. dxe5 {[%emt 0:00:00]} dxe5 {[%emt 0:00:27]} 5. Qxd8+ {[%emt 0:00:13]} Nxd8 {[%emt 0:01:10]} 6. Nxe5 {[%emt 0:00:05]} Bd6 {[%emt 0:00:18]} 7. Nc4 {[%emt 0:01:11]} Nf6 {[%emt 0:00:11]} 8. e5 {[%emt 0:00:49]} Bxe5 {[%emt 0:00:36]} 9. Nxe5 {[%emt 0:00:08]} O-O {[%emt 0:00:22]} 10. Be2 {[%emt 0:00:46]} Re8 {[%emt 0:00:13]} 11. Nf3 {[%emt 0:01:29]} Bg4 {[%emt 0:00:12]} 12. Nc3 {[%emt 0:01:12]} Bxf3 {[%emt 0:00:06]} 13. gxf3 {[%emt 0:00:04]} Nc6 {[%emt 0:00:25]} 14. Be3 {[%emt 0:00:54]} Nb4 {[%emt 0:00:22]} 15. O-O-O {[%emt 0:01:55]} Nfd5 {[%emt 0:00:47]} 16. Nxd5 {[%emt 0:00:22]} Nxd5 {[%emt 0:00:11]} 17. Rxd5 {[%emt 0:00:07]} c6 {[%emt 0:00:02]} 18. Rd7 {[%emt 0:00:25]} Rab8 {[%emt 0:00:14]} 19. Bc4 {[%emt 0:00:26]} b5 {[%emt 0:00:34]} 20. Bxf7+ {[%emt 0:00:08]} Kf8 {[%emt 0:00:12]} 21. Bc5+ {[%emt 0:00:48]} Re7 {[%emt 0:01:08]} 22. Rxe7 {[%emt 0:00:14]} Rd8 {[%emt 0:00:15]} 23. Rd7# {[%emt 0:00:28]} 1-0

[Event "XVII Profigaia Open 2017"]
[Site "Gaia"]
[Date "2017.06.14"]
[Round "1"]
[White "Andrade, Nuno Filipe"]
[Black "Amorim, Vicente Nuno Marque"]
[Result "1-0"]
[WhiteElo "1765"]
[BlackElo "1084"]
[Annotator "NA RC"]
[PlyCount "61"]
[EventDate "2017.??.??"]
[EventType "swiss"]
[EventCountry "POR"]
[SourceTitle "playchess.com"]
[Source "ChessBase"]
[SourceQuality "1"]
[TimeControl "5400+30"]

1. d4 {[%emt 0:00:00]} d5 {[%emt 0:31:25]} 2. Nf3 {[%emt 0:00:12]} e6 {[%emt 0:00:29]} 3. g3 {[%emt 0:00:06]} Nf6 {[%emt 0:00:03]} 4. Bg2 {[%emt 0:00:04]} Nc6 {[%emt 0:00:19]} 5. O-O {[%emt 0:00:09]} Bd7 {[%emt 0:00:12]} 6. Nbd2 {[%emt 0:00:08]} Bd6 {[%emt 0:00:27]} 7. c4 {[%emt 0:00:10]} O-O {[%emt 0:00:17]} 8. b3 {[%emt 0:00:39]} Ng4 {[%emt 0:01:51]} 9. Bb2 {[%emt 0:00:19]} Qf6 {[%emt 0:01:46]} 10. e4 {[%emt 0:03:37]} Be7 {[%emt 0:02:46]} 11. cxd5 {[%emt 0:01:10]} exd5 {[%emt 0:00:20]} 12. exd5 {[%emt 0:00:34]} Nb4 {[%emt 0:00:33]} 13. Ne5 {[%emt 0:01:04]} Nxe5 {[%emt 0:00:33]} 14. dxe5 {[%emt 0:00:00]} Qf5 {[%emt 0:01:41]} 15. Be4 {[%emt 0:00:29]} Qh3 {[%emt 0:03:13]} 16. a3 {[%emt 0:00:49]} Na6 {[%emt 0:02:00]} 17. d6 {[%emt 0:01:45]} cxd6 {[%emt 0:01:36]} 18. exd6 {[%emt 0:00:09]} Bxd6 {[%emt 0:02:25]} 19. Nc4 {[%emt 0:00:29]} Nc5 {[%emt 0:06:56]} 20. Bg2 {[%emt 0:01:12]} Qe6 {[%emt 0:03:40]} 21. Bd5 {[%emt 0:02:06]} Qe7 {[%emt 0:02:50]} 22. Nxd6 {[%emt 0:01:22]} Be6 {[%emt 0:00:54]} 23. Bxe6 {[%emt 0:00:42]} Qxe6 {[%emt 0:01:03]} 24. Qd4 {[%emt 0:00:14]} Qf6 {[%emt 0:02:12]} 25. Qxf6 {[%emt 0:01:11]} gxf6 {[%emt 0:00:11]} 26. Bxf6 {[%emt 0:00:12]} Nxb3 {[%emt 0:00:52]} 27. Nf5 {[%emt 0:02:13]} Rfe8 {[%emt 0:01:46]} 28. Rab1 {[%emt 0:00:39]} Nd2 {[%emt 0:00:28]} 29. Rxb7 {[%emt 0:00:12]} Nxf1 {[%emt 0:00:46]} 30. Nh6+ {[%emt 0:00:09]} Kf8 {[%emt 0:01:06]} 31. Rxf7# {[%emt 0:00:10]} 1-0

[Event "XVII Profigaia Open 2017"]
[Site "Gaia"]
[Date "2017.06.14"]
[Round "1"]
[White "Fernandes, Claudio Micael Sous"]
[Black "Donghi, Fabio"]
[Result "1-0"]
[WhiteElo "1661"]
[BlackElo "1519"]
[Annotator "NA"]
[PlyCount "41"]
[EventDate "2017.??.??"]
[EventType "swiss"]
[EventCountry "POR"]
[SourceTitle "playchess.com"]
[Source "ChessBase"]
[SourceQuality "1"]
[TimeControl "5400+30"]

1. e4 {[%emt 0:00:00]} c5 {[%emt 0:00:09]} 2. Nf3 {[%emt 0:00:00]} d6 {[%emt 0:00:10]} 3. d4 {[%emt 0:00:00]} cxd4 {[%emt 0:00:14]} 4. Nxd4 {[%emt 0:00:00]} Nf6 {[%emt 0:00:21]} 5. Nc3 {[%emt 0:00:00]} g6 {[%emt 0:00:33]} 6. Be3 {[%emt 0:00:00]} Bg7 {[%emt 0:00:16]} 7. f3 {[%emt 0:00:01]} O-O {[%emt 0:00:18]} 8. Bc4 {[%emt 0:00:07]} Nc6 {[%emt 0:00:34]} 9. Qd2 {[%emt 0:00:07]} Qc7 {[%emt 0:01:03]} 10. Bb3 {[%emt 0:00:37]} Bd7 {[%emt 0:01:32]} 11. O-O-O {[%emt 0:00:02]} Rab8 {[%emt 0:00:37]} 12. h4 {[%emt 0:00:09]} Nxd4 {[%emt 0:00:18]} 13. Bxd4 {[%emt 0:00:04]} b5 {[%emt 0:00:20]} 14. h5 {[%emt 0:00:20]} Nxh5 {[%emt 0:00:25]} 15. Bxg7 {[%emt 0:00:02]} Kxg7 {[%emt 0:00:54]} 16. g4 {[%emt 0:00:06]} Nf6 {[%emt 0:00:33]} 17. Qh6+ {[%emt 0:00:03]} Kg8 {[%emt 0:00:34]} 18. Nd5 {[%emt 0:00:04]} Rfc8 {[%emt 0:01:13]} 19. Nxf6+ exf6 20. Qxh7+ Kf8 {[%emt 0:03:22]} 21. Qxf7# {[%emt 0:00:55]} 1-0

[Event "XVII Profigaia Open 2017"]
[Site "Gaia"]
[Date "2017.06.14"]
[Round "1"]
[White "Freitas, Ruben Manuel"]
[Black "Camara Albino, Gustavo Felipe De"]
[Result "1-0"]
[WhiteElo "1636"]
[BlackElo "1779"]
[Annotator "NA RC"]
[PlyCount "99"]
[EventDate "2017.??.??"]
[EventType "swiss"]
[EventCountry "POR"]
[SourceTitle "playchess.com"]
[Source "ChessBase"]
[SourceQuality "1"]
[TimeControl "5400+30"]

1. e4 {[%emt 0:00:05]} e5 {[%emt 0:00:12]} 2. Nf3 {[%emt 0:00:08]} Nc6 {[%emt 0:00:06]} 3. Bb5 {[%emt 0:00:04]} a6 {[%emt 0:00:13]} 4. Ba4 {[%emt 0:00:05]} Nf6 {[%emt 0:00:17]} 5. d3 {[%emt 0:00:08]} b5 {[%emt 0:00:13]} 6. Bb3 {[%emt 0:00:02]} Be7 {[%emt 0:00:19]} 7. c3 {[%emt 0:00:06]} d5 {[%emt 0:00:25]} 8. exd5 {[%emt 0:00:11]} Nxd5 {[%emt 0:00:15]} 9. O-O {[%emt 0:00:03]} Bg4 {[%emt 0:00:18]} 10. h3 {[%emt 0:00:20]} Bh5 {[%emt 0:00:05]} 11. Be3 {[%emt 0:01:22]} Nxe3 {[%emt 0:00:12]} 12. fxe3 {[%emt 0:00:03]} Na5 {[%emt 0:00:26]} 13. Bc2 {[%emt 0:00:14]} Qd5 {[%emt 0:00:19]} 14. Nbd2 {[%emt 0:00:55]} O-O {[%emt 0:00:28]} 15. Qe1 {[%emt 0:01:01]} Qe6 {[%emt 0:00:46]} 16. Qg3 {[%emt 0:00:39]} Bxf3 {[%emt 0:00:19]} 17. Nxf3 {[%emt 0:00:29]} c5 {[%emt 0:00:39]} 18. Qxe5 {[%emt 0:00:10]} Qxe5 {[%emt 0:00:32]} 19. Nxe5 {[%emt 0:00:06]} Bf6 {[%emt 0:00:17]} 20. Nd7 {[%emt 0:00:04]} Rfd8 {[%emt 0:00:08]} 21. Nxf6+ {[%emt 0:00:03]} gxf6 {[%emt 0:00:38]} 22. Rxf6 {[%emt 0:00:00]} Re8 {[%emt 0:00:32]} 23. e4 {[%emt 0:00:00]} Rad8 {[%emt 0:00:37]} 24. Raf1 {[%emt 0:00:00]} Re7 {[%emt 0:01:00]} 25. Rxa6 {[%emt 0:00:00]} Nb7 {[%emt 0:00:30]} 26. Rb6 {[%emt 0:00:52]} Nd6 {[%emt 0:00:14]} 27. Rf6 {[%emt 0:00:10]} Red7 {[%emt 0:00:45]} 28. a4 {[%emt 0:00:52]} bxa4 {[%emt 0:01:01]} 29. Bxa4 {[%emt 0:00:04]} Kg7 {[%emt 0:00:31]} 30. e5 {[%emt 0:01:14]} Re7 {[%emt 0:00:26]} 31. Rbxd6 {[%emt 0:00:06]} Rxd6 {[%emt 0:00:49]} 32. Rxd6 {[%emt 0:00:02]} Rxe5 {[%emt 0:00:44]} 33. d4 {[%emt 0:00:01]} cxd4 {[%emt 0:00:41]} 34. Rxd4 {[%emt 0:01:46]} Ra5 {[%emt 0:00:45]} 35. Bc2 {[%emt 0:00:11]} Ra1+ {[%emt 0:00:13]} 36. Kf2 {[%emt 0:00:01]} Rc1 {[%emt 0:00:22]} 37. Rd2 {[%emt 0:00:18]} Kf6 {[%emt 0:00:30]} 38. b4 {[%emt 0:00:01]} Ke6 {[%emt 0:00:23]} 39. b5 {[%emt 0:00:02]} Ra1 {[%emt 0:00:40]} 40. c4 {[%emt 0:00:28]} Ra8 {[%emt 0:00:28]} 41. b6 {[%emt 0:00:01]} Rb8 {[%emt 0:00:41]} 42. c5 {[%emt 0:00:02]} Rc8 {[%emt 0:00:43]} 43. b7 {[%emt 0:00:01]} Rb8 {[%emt 0:00:45]} 44. c6 {[%emt 0:00:01]} Rxb7 {[%emt 0:00:42]} 45. cxb7 {[%emt 0:00:02]} Ke5 {[%emt 0:01:09]} 46. b8=Q+ {[%emt 0:00:05]} Kf6 {[%emt 0:00:00]} 47. Rd6+ {[%emt 0:00:00]} Ke5 {[%emt 0:00:20]} 48. Rh6+ {[%emt 0:00:17]} Kd4 {[%emt 0:00:14]} 49. Qb4+ {[%emt 0:00:06]} Ke5 {[%emt 0:00:40]} 50. Qd6# {Kd5} 1-0

[Event "XVII Profigaia Open 2017"]
[Site "Gaia"]
[Date "2017.06.14"]
[Round "1"]
[White "Marques Montolio, Luis"]
[Black "Pintor, Simao Maciel Abranc"]
[Result "0-1"]
[WhiteElo "1596"]
[BlackElo "2022"]
[Annotator "NA RC"]
[PlyCount "96"]
[EventDate "2017.??.??"]
[EventType "swiss"]
[EventCountry "POR"]
[SourceTitle "playchess.com"]
[Source "ChessBase"]
[SourceQuality "1"]
[TimeControl "5400+30"]

{[%evp 32,96,-12,-15,0,-26,-7,-74,-125,-75,32767,-95,-84,-109,-116,-124,32767,-32,-29,-33,-19,-22,-20,-160,-137,-140,-155,-120,-166,-138,32767,32767,32767,32767,32767,-37,-41,-36,-24,-30,-22,-47,-20,-27,-9,-12,0,0,0,0,2,12,0,12,0,0,0,-16,0,-203,-333,-256,-377,-509,-412,-604,-693]} 1. e4 {[%emt 0:00:00]} c5 {[%emt 0:00:05]} 2. Nf3 {[%emt 0:00:00]} d6 {[%emt 0:00:06]} 3. Bb5+ {[%emt 0:00:28]} Bd7 {[%emt 0:00:06]} 4. Bxd7+ {[%emt 0:00:33]} Nxd7 {[%emt 0:00:09]} 5. O-O {[%emt 0:00:55]} Ngf6 {[%emt 0:00:10]} 6. d3 {[%emt 0:01:24]} g6 {[%emt 0:00:29] B52: Sicilian: Moscow Variation with 3...Bd7} (6... e6 7. b3 g6 8. Bb2 Bg7 9. Nbd2 O-O 10. h3 b5 11. c4 a6 12. Nh2 e5 13. Ng4 Nh5 14. g3 b4 {½-½ (24) Oral,T (2506)-Hracek,Z (2609) Czech Republic 2016}) 7. Nc3 {[%emt 0:00:35]} Bg7 {[%emt 0:00:11]} 8. Bg5 {[%emt 0:00:47]} O-O {[%emt 0:00:30]} 9. Re1 {[%emt 0:01:34]} h6 {[%emt 0:01:10]} 10. Be3 {[%emt 0:02:33]} Ng4 {[%emt 0:00:52]} 11. Qd2 {[%emt 0:01:01]} Nxe3 $146 {[%emt 0:00:13]} ({Predecessor:} 11... a6 12. h3 Nxe3 13. Rxe3 {½-½ (48) Matxin Maldonado,J-Adrian Abad,M (1571) Pamplona 2014}) 12. Qxe3 {[%emt 0:00:14]} Rb8 {[%emt 0:00:21]} 13. a3 {[%emt 0:03:10]} b5 {[%emt 0:00:34]} 14. Rab1 {[%emt 0:01:02]} b4 {[%emt 0:00:27]} 15. axb4 {[%emt 0:01:01]} Rxb4 {[%emt 0:00:10]} 16. h3 {[%emt 0:01:59]} e6 {[%emt 0:02:02]} 17. Qd2 {[%emt 0:03:40]} Qf6 {[%emt 0:03:22]} 18. Nh2 {[%emt 0:02:09]} h5 {[%emt 0:00:50]} 19. Red1 {[%emt 0:04:06]} (19. Nf3 $11 {keeps the balance.}) 19... Rfb8 {[%emt 0:00:19]} 20. Ra1 {[%emt 0:00:55]} Rxb2 {[%emt 0:03:53]} 21. Rxa7 {[%emt 0:01:32]} Qxc3 {[%emt 0:22:16]} 22. Qxc3 {[%emt 0:01:00]} Bxc3 {[%emt 0:01:58]} 23. Rxd7 {[%emt 0:00:13]} R8b6 {[%emt 0:02:00]} 24. Nf3 {[%emt 0:01:42]} Bf6 {[%emt 0:02:31]} 25. Rc1 {[%emt 0:00:41]} Ra2 {[%emt 0:00:29]} 26. g3 {[%emt 0:00:55]} Kf8 {[%emt 0:01:20]} 27. Nd2 {[%emt 0:01:12]} (27. e5 $1 $11 Bxe5 28. Nxe5 dxe5 29. Rc7) 27... Ke8 {[%emt 0:01:51]} 28. Nc4 {[%emt 0:00:39]} Kxd7 {[%emt 0:00:12]} 29. Nxb6+ {[%emt 0:00:02]} Kc6 {[%emt 0:00:08]} 30. Nc4 {[%emt 0:00:39]} h4 {[%emt 0:00:17]} 31. Kg2 {[%emt 0:00:37]} hxg3 {[%emt 0:00:19]} 32. Kxg3 {[%emt 0:00:26]} d5 {[%emt 0:00:49]} 33. exd5+ {[%emt 0:01:30]} exd5 {[%emt 0:00:03]} 34. Ne3 {[%emt 0:00:36]} Bb2 {[%emt 0:01:42]} 35. Re1 {[%emt 0:01:08]} Be5+ {[%emt 0:02:08]} 36. Kg2 {[%emt 0:00:41]} Bf4 {[%emt 0:01:25]} 37. Re2 {[%emt 0:00:31]} Bxe3 {[%emt 0:03:10]} 38. fxe3 {[%emt 0:00:20]} d4 {[%emt 0:00:28]} (38... c4 $5 {[%cal Rc4d3]} 39. Rf2 Kc5 $15) 39. Kf3 {[%emt 0:00:41]} Kd6 {[%emt 0:02:24]} 40. exd4 {[%emt 0:00:33]} cxd4 {[%emt 0:00:06]} 41. Ke4 {[%emt 0:00:02]} Kc5 {[%emt 0:00:33]} 42. Rf2 {[%emt 0:00:01]} Ra7 {[%emt 0:01:01]} 43. Rg2 {[%emt 0:01:13]} Re7+ {[%emt 0:00:08]} 44. Kf3 {[%emt 0:00:06]} Kb4 {[%emt 0:00:18]} 45. Rg4 $2 {[%emt 0:00:32]} (45. Kf4 $11) 45... Re3+ {[%emt 0:01:49]} 46. Kg2 {[%emt 0:00:29]} Kc3 {[%emt 0:00:11]} 47. Kf2 {[%emt 0:02:31]} Rxh3 {[%emt 0:00:15]} 48. Ke2 {[%emt 0:01:13]} Rh2+ $19 {[%emt 0:00:16]} 0-1

[Event "XVII Profigaia Open 2017"]
[Site "Gaia"]
[Date "2017.06.14"]
[Round "1"]
[White "Da Silva, Pedro Vieira Prado"]
[Black "Silva, Luis Neves Da"]
[Result "0-1"]
[WhiteElo "1521"]
[BlackElo "2317"]
[Annotator "TA"]
[PlyCount "50"]
[EventDate "2017.??.??"]
[EventType "swiss"]
[EventCountry "POR"]
[SourceTitle "playchess.com"]
[Source "ChessBase"]
[SourceQuality "1"]

{[%evp 12,50,35,31,43,0,0,-60,-51,-56,-45,-44,-41,-56,-58,-59,-67,-159,-156,-227,-223,-397,-243,-406,-264,-268,-254,-441,-441,-441,-439,-439,-437,-975,-965,-1310,-1310,-1302,-1258,-12839,-12837]} 1. e4 {[%cal Be2e4,Be4e5][%mdl 32]} Nf6 2. e5 Nd5 3. d4 d6 4. Nf3 g6 5. c4 Nb6 6. Nc3 Bg7 7. Bf4 O-O {B04: Alekhine's Defence: 4 Nf3} 8. h3 (8. c5 dxc5 9. dxc5 N6d7 10. Qd4 b6 11. O-O-O Qe8 12. Qe4 c6 13. b4 bxc5 14. Nb5 cxb5 15. Bxb5 {0-1 (31) Shirazi,K (2437)-Gozzoli,Y (2431) Evry 2003}) 8... Nc6 9. Be2 ({White should try} 9. exd6 $11 cxd6 10. Be2) 9... dxe5 $15 {Black is slightly better.} 10. dxe5 Be6 11. b3 Nd7 {[%cal Rc6e5]} 12. O-O $146 ({Predecessor:} 12. Qc1 Ndxe5 13. Nxe5 Nxe5 14. Qe3 Nd7 15. Rd1 {0-1 (47) Schuster,G (2004)-Werner,B (2138) Lauffen am Neckar 2011}) 12... Ndxe5 13. Nxe5 Nxe5 14. Re1 (14. Qe1 $15) 14... Nxc4 $17 15. Bxc4 (15. Rc1 $17 {was called for.} Nd6 16. Nd5) 15... Bxc3 $19 16. Qxd8 $2 {[#]} (16. Re3 Bxa1 17. Qxa1 Bxc4 18. Bh6) 16... Rfxd8 17. Bxc7 $2 (17. Rxe6 fxe6 18. Rc1) 17... Rdc8 18. Rxe6 Rxc7 ({Stronger than} 18... Bxa1 19. Rxe7 Rf8 20. Bd6 $11) 19. Ree1 $2 (19. Rc1 fxe6 20. Rxc3) 19... Bxa1 {Black is clearly winning.} 20. Rxa1 {[%mdl 4096] Endgame KRR-KRB} Rd8 21. Rc1 {intending Bxf7+!} Kg7 22. Kf1 {[#]} (22. a4 $142) 22... b5 $1 23. Re1 (23. Bxb5 Rxc1+) 23... bxc4 24. bxc4 Rxc4 25. Rxe7 Rd2 {Precision: White = 17%, Black = 83%.} 0-1

[Event "XVII Profigaia Open 2017"]
[Site "Gaia"]
[Date "2017.06.14"]
[Round "1"]
[White "Silva, Joao Miguel Carvalh"]
[Black "Antao, Jorge"]
[Result "0-1"]
[WhiteElo "1502"]
[BlackElo "1873"]
[Annotator "NA RC"]
[PlyCount "44"]
[EventDate "2017.??.??"]
[EventType "swiss"]
[EventCountry "POR"]
[SourceTitle "playchess.com"]
[Source "ChessBase"]
[SourceQuality "1"]
[TimeControl "5400+30"]

{[%evp 19,43,-195,-91,-103,-90,-245,-263,-247,-186,-175,-159,-248,-243,-1046,-1096,-1135,-1177,-1166,-1188,-1544,-1881,-1994,-2447,-29986,32767,-29999]} 1. e4 e6 2. d4 d5 3. e5 a6 4. Nf3 Bd7 5. Bf4 c5 6. c3 Qb6 7. Qc2 Nc6 8. Nbd2 Rc8 9. Bd3 cxd4 10. Bxh7 {[#]} (10. O-O $17) 10... dxc3 ({But not} 10... Nb4 11. Qb3) (10... Nge7 $1 $19 11. Ng5 dxc3 12. bxc3 {[#]} Nd4 $1 {[%mdl 512]}) 11. bxc3 Nge7 12. Bd3 $2 {[#]} (12. Rb1 $17 {is the only way for White.} Qc7 13. Bd3) 12... Nb4 $1 13. Qb1 Nxd3+ 14. Qxd3 Bb5 15. Qd4 (15. Qb1 {was worth a try.} Ng6 16. Be3) 15... Qc7 16. Rc1 $2 (16. c4 Bxc4 17. Nxc4 dxc4 18. O-O) 16... Nf5 17. Qa7 Bc5 18. Qxc5 Qxc5 19. Nb3 Qc4 20. Rc2 Qxf4 21. Na5 Rc7 22. Rb2 Qc1# 0-1